Importancia y utilidad de la guadua (Registro nro. 179)

Detalles MARC
000 -CABECERA
Campo de control 00712nam a2200241 a 4500
005 - FECHA Y HORA DE LA ULTIMA TRANSACCION
Campo de control 20200104041507.0
008 - ELEMENTOS DE LONGITUD FIJA—INFORMACION GENERAL
Campo de control 140219b1995 ck ||||| |||| 00| 0 spa d
040 ## - FUENTE DE CATALOGACIÓN
Agencia catalogadora original CO-BoIAVH
Agencia transcriptora CO-BoIAVH
041 ## - IDIOMA
Código de idioma para texto/pista de sonido o título separado Español
044 ## - PAÍS DE PUBLICACIÓN
País de publicación Colombia
090 ## - CLASIFICACIÓN LOCAL
Colección LB
Consecutivo 00159
111 ## - ASIENTO PRINCIPAL--NOMBRE DE REUNION
Nombre de reunión o de jurisdicción como elemento de entrada Foro Ecológico y Turístico Nacional
Lugar de la reunión Armenia
Fecha de la reunión 1995
245 ## - MENCION DE TITULO
Título Importancia y utilidad de la guadua
260 ## - PUBLICACION, DISTRIBUCION, ETC. (PIE DE IMPRENTA)
Lugar de publicación, distribución, etc. Armenia
Nombre del editor, distribuidor, etc. Alcaldía Municipal
Fecha de publicación, distribución, etc. 1995
300 ## - DESCRIPCION FISICA
Extensión 76 p.
650 ## - ASIENTO SECUNDARIO DE MATERIA - TERMINO TEMATICO
Término temático o nombre geográfico como elemento de entrada Usos tradicionales
650 ## - ASIENTO SECUNDARIO DE MATERIA - TERMINO TEMATICO
Término temático o nombre geográfico como elemento de entrada Guadua
650 ## - ASIENTO SECUNDARIO DE MATERIA - TERMINO TEMATICO
Término temático o nombre geográfico como elemento de entrada Conservación de biodiversidad
650 ## - ASIENTO SECUNDARIO DE MATERIA - TERMINO TEMATICO
Término temático o nombre geográfico como elemento de entrada Uso de biodiversidad
650 ## - ASIENTO SECUNDARIO DE MATERIA - TERMINO TEMATICO
Término temático o nombre geográfico como elemento de entrada Plantas útiles
662 ## - ASIENTO SECUNDARIO DE MATERIA - JERARQUIA DEL NOMBRE DE LUGAR(
País o entidad mayor Colombia
Ciudad Armenia
Jurisdicción política de primer orden Quindío
942 ## - ELEMENTOS ADICIONALES (KOHA)
Tipo de ítem Informe Técnico
Sistema de clasificación Local
Existencias
Withdrawn status Lost status Sistema de Clasificación Damaged status No para préstamo Colección Inventariado Ubicación Permanente Ubicación actual Fecha de adquisición Total Checkouts Número topográfico Inventario / Código de Barras Date last seen Ejemplar Price effective from Forma de adquisición Tipo de material
    Local     General Inventariado 2017 Bogotá Bogotá 23/12/1997   LB-00159 000225 04/12/2012 Ej. 1 04/12/2012   Informe Técnico